Obfuscations of Video Games #1 - Statistics

General Stats
  • This quiz has been taken 762 times
  • The average score is 7 of 16
Answer Stats
Hint Answer % Correct
Photosynthetic entities pitted against corporeal revenants Plants vs. Zombies
92%
Interval of time corresponding to 14 twenty-four hour periods Fortnite
72%
Larceny of exceptionally exorbitant horseless carriages Grand Theft Auto
61%
Hand-to-hand combattant whose brawling locale is a thoroughfare Street Fighter
60%
Divinity who presides over macroscale martial bloodshed God of War
58%
Merely jig one's body rhythmically to mellifluous aural stimulation Just Dance
53%
Plunderer of subterranean sepulchres Tomb Raider
51%
There is a potentiality that Beelzebub could excrete saline discharge from his peepers Devil May Cry
47%
Supernatural malevolence which is tenanting somewhere on a long-term basis Resident Evil
36%
Assailants hailing from the expanse beyond Earth's firmament Space Invaders
35%
Forsaken due to the assumption that one will soon perish Left 4 Dead
34%
Tale incorporating magical and fantastical elements which postdates all others Final Fantasy
33%
Fervent physiological and psychological hankering for celerity Need for Speed
29%
Fuming flyers adorned with remiges and rectrices Angry Birds
26%
Chevalier afflicted with an internal vacuity Hollow Knight
19%
Interchange for multicellular eukaryotic life forms Animal Crossing
17%
No matching quizzes found
Score Distribution
Percent of People with Each Score
Percentile by Number Answered
Your Score History
You have not taken this quiz